It looks like you're offline.
Open Library logo
additional options menu

MARC record from Internet Archive

LEADER: 00753nam 2200253Ia 4500
001 ocm70136435
003 OCoLC
005 20091002131223.0
008 060619s2006 xx 000 0 eng d
040 $aTXL$cTXL
020 $a1883012406 (pbk.) :$c$9.95
020 $a9781883012403 (pbk.)
035 $a(OCoLC)70136435
092 $a241.52$bSHEL
100 1 $aShelton, Danny.
245 14 $aTen Commandments twice removed /$cDanny Shelton, Shelley J. Quinn.
260 $a[S.l.] :$bRemnant Publishing,$cc 2006.
300 $aiv, 13-126 p. ;$c21 cm.
610 20 $aSeventh-day Adventists$xDoctrines.
630 00 $aTen commandments.
650 0 $aAntichrist.
700 1 $aQuinn, Shelley J.
994 $aZ0$bPMR
948 $hNO HOLDINGS IN PMR - 63 OTHER HOLDINGS